000 01040nam a22002657a 4500
003 BD-DhSAU
005 20211018122932.0
008 210929b |||||||| |||| 00| 0 eng d
040 _aBD-DhSAU
082 _222
_a634.9
_bR865
100 _aRUMKY, ZANNATUL SIFAT
_eRegistration No.:# 13-05528
245 _aPlant diversity and quantification of above ground carbon storage of home gardens in selected upazilas of manikganj district /
_bMs Thesis
260 _aSher-e-Bangla Agricultural University Dhaka 1207;
_bDepartment of Agroforesty and Environmental Science;
_c2020;
300 _axii;
_b77p.;
_c30cm.;
500 _aIncluding Index.;
590 _anazmul
600 _qplant diversity
610 _acarbon storage
650 _ahome gardens
651 _aupazilas of manikganj district
700 _aProf. Dr. Md. Forhad Hossain
_eSupervisor
710 _aProf. Dr. Nazmun Naher
_eCo-Supervisor
856 _yOnline Access
_uhttp://archive.saulibrary.edu.bd:8080/xmlui/handle/123456789/3444
942 _2ddc
_cTHESIS
999 _c15572
_d15571